Normal view
MARC view
- الحفلات -الفنادق - السياحة
Entry Topical Term
001 - CONTROL NUMBER
- control field: 51068
003 - CONTROL NUMBER IDENTIFIER
- control field: JO-AjAnu
005 - DATE AND TIME OF LATEST TRANSACTION
- control field: 20230606082413.0
008 - FIXED-LENGTH DATA ELEMENTS
- fixed length control field: 230606|| aca||aabn | a|a d
040 ## - CATALOGING SOURCE
- Original cataloging agency: JO-AjAnu
- Transcribing agency: JO-AjAnu
150 ## - HEADING--TOPICAL TERM
- Topical term or geographic name entry element: الحفلات -الفنادق - السياحة
670 ## - SOURCE DATA FOUND
- Source citation: Work cat.: (JO-AjAnu)26102: الصعيدي، عصام حسن, author 51067, إدارة الحفلات والمؤتمرات في المنشآت الفندقية والسياحية